| 000 | 00802cam a22002777a 4500 | ||
|---|---|---|---|
| 003 | CHAP | ||
| 005 | 20220329135221.0 | ||
| 008 | 971013s1963 r 00010 d | ||
| 010 | _a32768 | ||
| 011 | _a33740 | ||
| 035 | _a37856 | ||
| 040 | _cCHAP | ||
| 090 | _aFolleto 126 | ||
| 100 | 0 | 0 |
_aNoorlander, Daniel O. _981646 |
| 245 | 1 | 3 | _aEl funcionamiento de la ordeñadora |
| 260 |
_aMadison : _bDairy Equipment Co., _c1963 |
||
| 300 |
_a18 p. _b: ilus. |
||
| 590 |
_aBATCH-UPD _b10 _c20130110 _lUCH01 _h1218 |
||
| 590 |
_aBATCH-UPD _b10 _c20130410 _lUCH01 _h0754 |
||
| 590 |
_aBATCH-UPD _b10 _c20130914 _lUCH01 _h1851 |
||
| 590 |
_aCONVERSION _b10 _c20130109 _lUCH01 _h1318 |
||
| 650 | 1 | 4 |
_aOrdeñadoras. _983425 |
| 901 | _aBK | ||
| 942 | _cFOLL | ||
| 949 |
_aFolleto 126 _bBC _cFOLL _d-86685 _eTS1 _i37856 _si |
||
| 999 |
_c32768 _d32768 |
||